[Event "ROM-ch op"]
[Site "Sarata Monteoru"]
[Date "2011.02.20"]
[Round "11"]
[White "Dicu, Razvan Stefan"]
[Black "Corlatescu, Dragos Georgian"]
[Result "0-1"]
[WhiteElo "2087"]
[BlackElo "2191"]
[PlyCount "108"]
[EventDate "2011.02.12"]
[EventType "swiss"]
[EventRounds "11"]
[EventCountry "ROU"]
[SourceTitle "EXT 2013"]
[Source "ChessBase"]
[SourceDate "2012.11.22"]
[SourceVersion "1"]
[SourceVersionDate "2012.11.22"]
[SourceQuality "1"]

1. e4 e5 2. Nf3 Nc6 3. d4 exd4 4. Bc4 Nf6 5. e5 d5 6. Bb5 Ne4 7. Nxd4 Bd7 8. Bxc6 bxc6 9. 0-0 Bc5 10. f3 Ng5 11. f4 Ne4 12. Be3 Bb6 13. Nd2 Nxd2 14. Qxd2 c5 15. Nf3 d4 16. Bf2 Bc6 17. Bh4 Qd5 18. f5 h6 19. Rfe1 c4 20. Qf4 d3+ 21. Kh1 Rg8 22. b3 d2 23. Qxd2 Qxf3 24. gxf3 Bxf3+ 25. Qg2 Bxg2+ 26. Kxg2 cxb3 27. axb3 g6 28. fxg6 Rxg6+ 29. Kf3 Kd7 30. Ra4 Rc6 31. Rf4 Rc3+ 32. Ke4 Rf8 33. Rf6 Rxc2 34. e6+ Kc8 35. exf7 Rxh2 36. Kf3 Bc5 37. Kg3 Rd2 38. Re8+ Kd7 39. Rxh6 Rxe8 40. fxe8Q+ Kxe8 41. Rf6 Bd6+ 42. Kf3 Rd3+ 43. Ke4 Rxb3 44. Kd5 Rb5+ 45. Kc6 Rc5+ 46. Kb7 a5 47. Bf2 Rc2 48. Bd4 a4 49. Rf1 a3 50. Ka6 Kd7 51. Kb5 c6+ 52. Ka5 Rc4 53. Ba1 Bc7+ 54. Ka6 Kc8 0-1

[Event "ROM-ch op"]
[Site "Sarata Monteoru"]
[Date "2011.02.17"]
[Round "8"]
[White "Corlatescu, Dragos Georgian"]
[Black "Dobre, Mihai"]
[Result "1-0"]
[WhiteElo "2191"]
[BlackElo "1875"]
[PlyCount "101"]
[EventDate "2011.02.12"]
[EventType "swiss"]
[EventRounds "11"]
[EventCountry "ROU"]
[SourceTitle "CBM 140 Extra"]
[Source "ChessBase"]
[SourceDate "2011.03.01"]
[SourceVersion "1"]
[SourceVersionDate "2011.03.01"]
[SourceQuality "1"]

1. e4 c5 2. Nf3 d6 3. Bb5+ Bd7 4. Bxd7+ Qxd7 5. 0-0 Nc6 6. d4 cxd4 7. Nxd4 Nf6 8. Re1 g6 9. c4 Bg7 10. Nc3 0-0 11. Be3 Rac8 12. b3 Ng4 13. Nxc6 Bxc3 14. Nxe7+ Qxe7 15. Qxg4 Bxa1 16. Rxa1 Rfe8 17. Bxa7 Qxe4 18. Qxe4 Rxe4 19. Be3 f5 20. g3 Ra8 21. a4 Kf7 22. Rd1 Ra6 23. Kf1 Re6 24. Rd5 Re5 25. Rd3 Re6 26. h4 h5 27. Rd1 Ke8 28. Bf4 Ke7 29. Rd5 Rb6 30. Rd3 Rc6 31. Be3 Ra6 32. Ke2 Kd7 33. Kd2 Kc6 34. Kc3 Ra8 35. Rd1 b6 36. Rd2 Rae8 37. Bf4 Rd8 38. Be3 Rde8 39. Rd3 Rd8 40. b4 Ra8 41. Kb3 Re4 42. Rd2 Re6 43. Bf4 Ra7 44. Rd5 Rd7 45. b5+ Kb7 46. a5 bxa5 47. c5 Rd8 48. Bxd6 Ka7 49. Ka4 Re4+ 50. Kxa5 Ra8 51. c6 1-0

[Event "ROM-ch op"]
[Site "Sarata Monteoru"]
[Date "2011.02.12"]
[Round "1"]
[White "Hlinschi, Mihai"]
[Black "Corlatescu, Dragos Georgian"]
[Result "0-1"]
[WhiteElo "1720"]
[BlackElo "2191"]
[PlyCount "48"]
[EventDate "2011.02.12"]
[EventType "swiss"]
[EventRounds "11"]
[EventCountry "ROU"]
[SourceTitle "CBM 140 Extra"]
[Source "ChessBase"]
[SourceDate "2011.03.01"]
[SourceVersion "1"]
[SourceVersionDate "2011.03.01"]
[SourceQuality "1"]

1. e4 e5 2. Nf3 Nc6 3. c4 Nf6 4. Nc3 d6 5. h3 g6 6. d4 exd4 7. Nxd4 Bg7 8. Nxc6 bxc6 9. g3 Be6 10. Qa4 Qd7 11. Bg2 Ng8 12. e5 Ne7 13. Bg5 0-0 14. Bxe7 Qxe7 15. Bxc6 Bxe5 16. Bxa8 Bxc3+ 17. bxc3 Bd7+ 18. Kf1 Bxa4 19. Bg2 Re8 20. Bf3 Qf6 21. Kg2 Qxc3 22. Rhc1 Qd2 23. Bd1 Bc6+ 24. Kg1 Re1+ 0-1

[Event "ROM-ch U18"]
[Site "Voineasa"]
[Date "2010.04.14"]
[Round "9"]
[White "Hajbok, Robert"]
[Black "Corlatescu, Dragos Georgian"]
[Result "1-0"]
[WhiteElo "2280"]
[BlackElo "2146"]
[PlyCount "61"]
[EventDate "2010.04.08"]
[EventType "swiss"]
[EventRounds "9"]
[EventCountry "ROU"]
[SourceTitle "EXT 2020"]
[Source "ChessBase"]
[SourceDate "2019.10.17"]
[SourceVersion "1"]
[SourceVersionDate "2019.10.17"]
[SourceQuality "1"]

1. d4 Nf6 2. Nf3 e6 3. c4 b6 4. a3 Bb7 5. Nc3 Be7 6. d5 0-0 7. e4 d6 8. g3 Re8 9. Be2 Nbd7 10. 0-0 a5 11. b3 Nc5 12. Qc2 Bf8 13. Bb2 Bc8 14. dxe6 Bxe6 15. Rfe1 Bg4 16. Nd2 Qd7 17. f3 Bh3 18. Rad1 g6 19. Nf1 Bg7 20. Ne3 Qc8 21. Ncd5 Nxd5 22. Nxd5 Be6 23. Bxg7 Bxd5 24. Ba1 Bb7 25. Qb2 Kf8 26. Qg7+ Ke7 27. Bf6+ Kd7 28. Qxf7+ Kc6 29. b4 axb4 30. axb4 Ne6 31. Rd5 1-0

[Event "ROM-ch U18"]
[Site "Voineasa"]
[Date "2010.04.11"]
[Round "6"]
[White "Corlatescu, Dragos Georgian"]
[Black "Martian, Dragos Daniel"]
[Result "1-0"]
[WhiteElo "2146"]
[BlackElo "1907"]
[PlyCount "97"]
[EventDate "2010.04.08"]
[EventType "swiss"]
[EventRounds "9"]
[EventCountry "ROU"]
[SourceTitle "EXT 2020"]
[Source "ChessBase"]
[SourceDate "2019.10.17"]
[SourceVersion "1"]
[SourceVersionDate "2019.10.17"]
[SourceQuality "1"]

1. e4 c5 2. Nf3 e6 3. d4 cxd4 4. Nxd4 Nf6 5. Nc3 d6 6. Be3 Be7 7. f3 a6 8. Qd2 Nc6 9. g4 Nd7 10. 0-0-0 Qc7 11. h4 b5 12. Nxc6 Qxc6 13. Bd4 Rg8 14. g5 Nc5 15. a3 Bb7 16. Kb1 0-0-0 17. Rg1 Kb8 18. Be2 Qc7 19. Bf2 Ka8 20. Qe3 Bc6 21. Rd2 Rb8 22. Bg3 Nd7 23. Rgd1 Ne5 24. Na2 a5 25. Qc3 f6 26. f4 Nf7 27. Qb3 Nd8 28. f5 Nb7 29. Qc3 Nc5 30. Rxd6 Nxe4 31. Qxc6+ Qxc6 32. Rxc6 Nxg3 33. Bf3 Rbd8 34. Rxe6+ Kb8 35. Rxe7 Rxd1+ 36. Bxd1 Nxf5 37. Rd7 fxg5 38. hxg5 h6 39. g6 Re8 40. b4 Kc8 41. Rf7 Ne3 42. Nc3 Nc4 43. Nxb5 Re5 44. Rc7+ Kd8 45. Rxc4 Rxb5 46. c3 Rg5 47. Bc2 axb4 48. cxb4 h5 49. a4 1-0

[Event "ROM-chT"]
[Site "Eforie Nord"]
[Date "2009.09.21"]
[Round "3"]
[White "Nasolea, Alexandru"]
[Black "Corlatescu, Dragos Georgian"]
[Result "1-0"]
[WhiteElo "2034"]
[BlackElo "2199"]
[PlyCount "121"]
[EventDate "2009.09.19"]
[EventType "team"]
[EventRounds "9"]
[EventCountry "ROU"]
[SourceTitle "CBM 132 Extra"]
[Source "ChessBase"]
[SourceDate "2009.11.03"]
[SourceVersion "1"]
[SourceVersionDate "2009.11.03"]
[SourceQuality "1"]

1. e4 e5 2. Nf3 Nc6 3. Bb5 a6 4. Ba4 Nf6 5. 0-0 b5 6. Bb3 Bc5 7. c3 d6 8. d3 h6 9. Be3 0-0 10. h3 Bxe3 11. fxe3 d5 12. exd5 Nxd5 13. Qe2 Be6 14. Nbd2 Qd6 15. Ne4 Qe7 16. d4 f5 17. Nc5 Bf7 18. Qf2 Kh7 19. Nh4 g6 20. Rae1 Nf6 21. Bc2 e4 22. g4 Bc4 23. gxf5 Bxf1 24. Nxg6 Rg8 25. Rxf1 Rae8 26. Bb3 Nd7 27. Kh1 Qg7 28. Bxg8+ Rxg8 29. Ne6 Qf6 30. Qg2 Ne7 31. Qxe4 Nxg6 32. fxg6+ Qxg6 33. Rf7+ Kh8 34. Qxg6 Rxg6 35. Rxd7 Rxe6 36. Rxc7 Rxe3 37. Rc6 Rxh3+ 38. Kg2 Rd3 39. Rxh6+ Kg7 40. Rxa6 Rd2+ 41. Kf3 Rxb2 42. Ke3 Kf7 43. Rb6 Rc2 44. Kd3 Rxa2 45. Rxb5 Ke6 46. c4 Rh2 47. Rb6+ Kd7 48. c5 Rh3+ 49. Kc4 Rh4 50. Rg6 Kc7 51. Re6 Kd7 52. Re3 Kc6 53. Re6+ Kd7 54. Rd6+ Kc7 55. Kb5 Rh1 56. Rc6+ Kd7 57. Rg6 Rb1+ 58. Kc4 Rh1 59. Rg7+ Kd8 60. d5 Rb1 61. d6 1-0

[Event "ROM-chT"]
[Site "Eforie Nord"]
[Date "2009.09.20"]
[Round "2"]
[White "Corlatescu, Dragos Georgian"]
[Black "Nitelea, Barbu Alexandru"]
[Result "1-0"]
[WhiteElo "2199"]
[BlackElo "2105"]
[PlyCount "103"]
[EventDate "2009.09.19"]
[EventType "team"]
[EventRounds "9"]
[EventCountry "ROU"]
[SourceTitle "CBM 132 Extra"]
[Source "ChessBase"]
[SourceDate "2009.11.03"]
[SourceVersion "1"]
[SourceVersionDate "2009.11.03"]
[SourceQuality "1"]

1. e4 c5 2. Nf3 e6 3. d4 cxd4 4. Nxd4 a6 5. Bd3 Nf6 6. 0-0 Qc7 7. Qe2 d6 8. c4 g6 9. Nc3 Bg7 10. Be3 Nbd7 11. Rac1 b6 12. f4 0-0 13. b4 Nh5 14. f5 Re8 15. g4 Nhf6 16. g5 Nh5 17. f6 Bf8 18. Qf2 Bb7 19. Nf3 Ne5 20. Nxe5 dxe5 21. a3 Nf4 22. Bxf4 exf4 23. Qxf4 Qxf4 24. Rxf4 a5 25. b5 Bc5+ 26. Kg2 Be3 27. Rff1 Bxc1 28. Rxc1 Red8 29. Rd1 Rd6 30. Kf3 Rad8 31. Ke3 Rd4 32. Rd2 e5 33. Ne2 R4d6 34. Nc3 Kf8 35. Nd5 Bxd5 36. exd5 Ke8 37. Ke4 Kd7 38. Kxe5 Re8+ 39. Kd4 Re1 40. Re2 Rxe2 41. Bxe2 Kc7 42. c5 bxc5+ 43. Kxc5 Rb6 44. h4 Rd6 45. h5 Rb6 46. hxg6 hxg6 47. Bg4 Rd6 48. Bh3 Rb6 49. Be6 fxe6 50. f7 Rb8 51. dxe6 Rc8 52. Kd5 1-0

[Event "ROM-ch"]
[Site "Eforie Nord"]
[Date "2009.02.06"]
[Round "7"]
[White "Florescu, Alin Cristian"]
[Black "Corlatescu, Dragos Georgian"]
[Result "1/2-1/2"]
[WhiteElo "1936"]
[BlackElo "2171"]
[PlyCount "49"]
[EventDate "2009.01.31"]
[EventType "swiss"]
[EventRounds "9"]
[EventCountry "ROU"]
[SourceTitle "CBM 130 Extra"]
[Source "ChessBase"]
[SourceDate "2009.07.02"]
[SourceVersion "2"]
[SourceVersionDate "2009.07.15"]
[SourceQuality "1"]

1. e4 e5 2. Bc4 Nf6 3. d3 Nc6 4. Nc3 Na5 5. Bb3 Nxb3 6. axb3 Bb4 7. Bd2 0-0 8. Nf3 d6 9. h3 c6 10. 0-0 Re8 11. Re1 h6 12. Nb1 Bxd2 13. Nbxd2 Nh5 14. Nc4 b5 15. Ne3 Nf4 16. Kh2 d5 17. exd5 cxd5 18. d4 e4 19. Ng1 Qd7 20. Ne2 Ne6 21. Nc3 Qd6+ 22. Kg1 Nc7 23. Qe2 a6 24. Qh5 Be6 25. Ne2 1/2-1/2

[Event "ROM-ch"]
[Site "Eforie Nord"]
[Date "2009.02.05"]
[Round "6"]
[White "Corlatescu, Dragos Georgian"]
[Black "Moraru, Alexandru"]
[Result "1/2-1/2"]
[WhiteElo "2171"]
[BlackElo "2000"]
[PlyCount "94"]
[EventDate "2009.01.31"]
[EventType "swiss"]
[EventRounds "9"]
[EventCountry "ROU"]
[SourceTitle "CBM 130 Extra"]
[Source "ChessBase"]
[SourceDate "2009.07.02"]
[SourceVersion "2"]
[SourceVersionDate "2009.07.15"]
[SourceQuality "1"]

1. e4 c5 2. Nf3 e6 3. d4 cxd4 4. Nxd4 Nf6 5. Bd3 Nc6 6. Nxc6 bxc6 7. 0-0 d5 8. Qe2 Be7 9. Kh1 Qc7 10. f4 dxe4 11. Bxe4 Nxe4 12. Qxe4 0-0 13. Bd2 Bf6 14. Bc3 Bxc3 15. Nxc3 Rb8 16. b3 Bb7 17. Qe2 Qa5 18. Ne4 Rbd8 19. Qe1 Qf5 20. Qe3 c5 21. Nxc5 Ba8 22. Nd3 Rc8 23. Rf2 h5 24. Kg1 h4 25. h3 Be4 26. Re1 Bxd3 27. cxd3 a6 28. d4 Rfd8 29. Rd2 Rd5 30. Qf2 Qf6 31. Re5 Rc3 32. Rxd5 exd5 33. Re2 Rg3 34. Re5 Qg6 35. f5 Qc6 36. Qe2 g6 37. Re8+ Kg7 38. Qe5+ f6 39. Re7+ Kh6 40. Qf4+ g5 41. Qd2 Rc3 42. Re6 Rc1+ 43. Re1 Rxe1+ 44. Qxe1 Qc2 45. Qf2 Qd1+ 46. Kh2 Qd3 47. Kg1 Qd1+ 1/2-1/2

[Event "ROM-ch U16 Boys"]
[Site "Voineasa"]
[Date "2008.04.13"]
[Round "2"]
[White "Corlatescu, Dragos Georgian"]
[Black "Fracassi, Mihail"]
[Result "1-0"]
[WhiteElo "2094"]
[BlackElo "707"]
[PlyCount "62"]
[EventDate "2008.04.08"]
[EventType "swiss"]
[EventRounds "9"]
[EventCountry "ROU"]
[SourceTitle "EXT 2013"]
[Source "ChessBase"]
[SourceDate "2012.11.22"]
[SourceVersion "1"]
[SourceVersionDate "2012.11.22"]
[SourceQuality "1"]

1. e4 c5 2. Nf3 e6 3. d4 cxd4 4. Nxd4 a6 5. Bd3 Qc7 6. Nc3 Nf6 7. 0-0 Be7 8. Be3 d6 9. Nb3 Nbd7 10. f4 b5 11. a4 b4 12. Nb1 Nc5 13. Nxc5 dxc5 14. Nd2 Bb7 15. Qf3 0-0 16. b3 Rac8 17. Qh3 g6 18. Rae1 Rfe8 19. f5 exf5 20. exf5 Nd5 21. fxg6 fxg6 22. Rf7 Kxf7 23. Qxh7+ Ke6 24. Bf4+ Kd7 25. Bxc7 Kxc7 26. Bxg6 Rh8 27. Rxe7+ Nxe7 28. Qxe7+ Kb8 29. Qe5+ Ka7 30. Nc4 Rhg8 31. Qe6 Rgf8 1-0

[Event "ROM-ch U16 Boys"]
[Site "Voineasa"]
[Date "2008.04.13"]
[Round "3"]
[White "Miu, Paul Vlad"]
[Black "Corlatescu, Dragos Georgian"]
[Result "0-1"]
[WhiteElo "1951"]
[BlackElo "2094"]
[PlyCount "68"]
[EventDate "2008.04.08"]
[EventType "swiss"]
[EventRounds "9"]
[EventCountry "ROU"]
[SourceTitle "EXT 2013"]
[Source "ChessBase"]
[SourceDate "2012.11.22"]
[SourceVersion "1"]
[SourceVersionDate "2012.11.22"]
[SourceQuality "1"]

1. e4 e5 2. Nf3 Nc6 3. Bb5 a6 4. Ba4 Nf6 5. Qe2 b5 6. Bb3 Be7 7. c3 0-0 8. d3 d6 9. Bg5 Na5 10. Bc2 c5 11. Nbd2 Nh5 12. Bxe7 Qxe7 13. g3 Nf6 14. d4 exd4 15. cxd4 Nc6 16. dxc5 dxc5 17. 0-0-0 Be6 18. Kb1 Nb4 19. a3 Nxc2 20. Kxc2 c4 21. Nd4 c3 22. bxc3 Qxa3 23. Ra1 Qc5 24. Rhc1 b4 25. Kd1 bxc3 26. Nxe6 fxe6 27. Nb3 Qb4 28. Na5 Nxe4 29. f3 Rad8+ 30. Ke1 c2+ 31. Kf1 Rxf3+ 32. Kg1 Qd4+ 33. Kh1 Rf2 34. Qe1 Nxg3+ 0-1

[Event "Wch U14"]
[Site "Kemer"]
[Date "2007.11.26"]
[Round "9"]
[White "Aghasaryan, Robert"]
[Black "Corlatescu, Dragos Georgian"]
[Result "1-0"]
[WhiteElo "2201"]
[BlackElo "2081"]
[PlyCount "61"]
[EventDate "2007.11.18"]
[EventType "swiss"]
[EventRounds "11"]
[EventCountry "TUR"]
[SourceTitle "CBM 121 Extra"]
[Source "ChessBase"]
[SourceDate "2008.01.10"]
[SourceVersion "1"]
[SourceVersionDate "2008.01.10"]
[SourceQuality "1"]

1. d4 c5 2. d5 e5 3. e4 d6 4. Nc3 g6 5. Nf3 h5 6. h3 Bh6 7. Bxh6 Nxh6 8. Qd2 Kf8 9. Qe3 Kg7 10. Bd3 Nd7 11. Nd2 a6 12. a4 f5 13. exf5 gxf5 14. Nc4 Qf6 15. f4 Re8 16. 0-0-0 Nf8 17. fxe5 dxe5 18. Qxc5 b5 19. axb5 axb5 20. Nxb5 Ra1+ 21. Kd2 Qg5+ 22. Kc3 Nd7 23. Qc7 Rxd1 24. Rxd1 e4 25. Nbd6 Qf6+ 26. Kb3 Rd8 27. Nxc8 exd3 28. Rxd3 Nf7 29. N8b6 Qe7 30. d6 Qe6 31. Re3 1-0

[Event "Wch U14"]
[Site "Kemer"]
[Date "2007.11.24"]
[Round "7"]
[White "Tsirekidze, Giorgi"]
[Black "Corlatescu, Dragos Georgian"]
[Result "0-1"]
[WhiteElo "1924"]
[BlackElo "2081"]
[PlyCount "46"]
[EventDate "2007.11.18"]
[EventType "swiss"]
[EventRounds "11"]
[EventCountry "TUR"]
[SourceTitle "CBM 121 Extra"]
[Source "ChessBase"]
[SourceDate "2008.01.10"]
[SourceVersion "1"]
[SourceVersionDate "2008.01.10"]
[SourceQuality "1"]

1. d4 d6 2. c4 e5 3. d5 f5 4. Nc3 g6 5. e4 Bh6 6. Bxh6 Nxh6 7. Qd2 Nf7 8. Nge2 Nd7 9. g3 Nc5 10. Bg2 Ng5 11. Qe3 0-0 12. f3 f4 13. gxf4 exf4 14. Qd2 Ngxe4 15. Nxe4 Nxe4 16. fxe4 f3 17. Bxf3 Rxf3 18. 0-0-0 Qf6 19. Rhg1 Bd7 20. Rg3 Rf2 21. Rdg1 Rf8 22. h4 Qxh4 23. Rxg6+ hxg6 0-1

[Event "ROM-ch U14"]
[Site "Amara"]
[Date "2007.04.13"]
[Round "2"]
[White "Corlatescu, Dragos Georgian"]
[Black "Catricicau, Claudiu"]
[Result "1-0"]
[WhiteElo "2002"]
[BlackElo "1726"]
[PlyCount "61"]
[EventDate "2007.04.12"]
[EventType "swiss"]
[EventRounds "9"]
[EventCountry "ROU"]
[SourceTitle "EXT 2010"]
[Source "ChessBase"]
[SourceDate "2010.11.25"]
[SourceVersion "1"]
[SourceVersionDate "2010.11.25"]
[SourceQuality "1"]

1. e4 g6 2. d4 Bg7 3. Nf3 c6 4. Nc3 d6 5. Be3 Nd7 6. Be2 Nh6 7. h3 e5 8. dxe5 dxe5 9. Qd2 Ng8 10. Rd1 Qc7 11. 0-0 Ngf6 12. Bg5 0-0 13. Qe3 Re8 14. Rd2 Nb6 15. Rfd1 Nfd7 16. Bh6 Nf8 17. Bxg7 Kxg7 18. Qc5 f6 19. Nb5 Qe7 20. Nd6 Kg8 21. Qb4 Rd8 22. c4 Rb8 23. c5 Na8 24. Qa4 a6 25. Qa5 Rd7 26. Bc4+ Kg7 27. Qb4 b5 28. cxb6 Nxb6 29. Nf5+ gxf5 30. Rxd7 Nfxd7 31. Qxe7+ 1-0